| 000 | 01123nam a2200349 a 4500 | ||
|---|---|---|---|
| 001 | 000000198 | ||
| 003 | DO-SdBNP | ||
| 005 | 20171113134626.0 | ||
| 007 | 000000198 | ||
| 008 | 081124s2008 sp a 001 0 spa d | ||
| 020 | _a9788489163393 | ||
| 040 |
_aBPMSU _bspa _cBPMSU |
||
| 082 | 4 |
_2 _aCu861.3 _bM378i |
|
| 100 | 1 |
_aMartí, José, _d1853-1895 |
|
| 245 | 1 |
_aIsmaelillo ; Versos libres ; Versos sencillos / _cJosé Martí ; edición José Golacheca |
|
| 250 | _a4a ed. | ||
| 260 |
_aMadrid : _c2007. |
||
| 300 |
_a153 p. : _bil. ; _c23 cm. |
||
| 490 | 1 |
_aClásicos universales _v; 4 |
|
| 650 | 4 | _aPOESÍA CUBANA | |
| 650 | 4 | _aLITERATURA CUBANA | |
| 700 | 1 |
_aGolacheca, José _eed. |
|
| 700 | 1 |
_aMartí, José. _d1853-1895 _tVersos libres. |
|
| 700 | 1 |
_aMartí, José. _d1853-1895 _tVersos sencillos. |
|
| 830 | 0 |
_aClásicos universales (España) _v4 |
|
| 910 | _aValidado. Control de calidad MFF | ||
| 930 | 1 |
_l _m _6 _8 _f _p |
|
| 930 | 1 |
_l _mLF1 _6001189 _820090622 _f01 _p _h |
|
| 942 |
_2ddc _cBK |
||
| 945 | _aInventariaso extranjero / 2017 VM | ||
| 956 |
_aVMATEO _b10 _c20150921 _lBPMSU _h00151 |
||
| 999 |
_c8282 _d8282 |
||